000 00336nam a22001097a 4500
999 _c2859
_d2859
005 20200924160329.0
008 200924b ||||| |||| 00| 0 eng d
040 _cCML
245 _aChambers's Encyclopedia. (AUNT-CAM)
_cGeorge Newne Ltd.
260 _aLondon
_bGeorge Newne Ltd.
_c1959
942 _2ddc
_cBK
_h032
_mREF
_eVol.2